| 000 | 00532nam a2200193Ia 4500 | ||
|---|---|---|---|
| 005 | 20250425162812.0 | ||
| 008 | 250425s9999 xx 000 0 und d | ||
| 020 | _a9780122208515 | ||
| 041 |
_z _heng |
||
| 082 |
_a660.63 _pDOR |
||
| 100 | _aDoran, Pauline M. | ||
| 245 | 0 |
_aBioprocess engineering principles _cPauline M. Doran |
|
| 260 |
_aOxford _bAcademic Press _c2013 |
||
| 300 |
_a919 p. _bgráficos _c23 cm. |
||
| 500 | _aContiene Apéndice e índice | ||
| 650 | _aIngeniería Química | ||
| 942 | _c01 | ||
| 010 | _a109283 | ||
| 999 |
_c236734 _d236734 |
||